LDR 00840naa#a2200193#i#450# 001 EN\RIOR\bibl\125073 005 20260629141445.1 011 ## _a2409-6024 100 ## _a20260530b2026####ek#y0engy0150####ca 102 ## _aRU 200 1# _aOn the conceptual foundations of building an organizational and economic system for the accelerated implementation of scientific and technological innovations in products of rocket and space technology enterprises _eJournal article 210 1# _aMoscow _cPublishing Center RIOR _d2026 215 ## _a5 с. 608 ## _aJournal article _2local 675 ## _aсмешанные, с участием частного и государственного капитала. 330.322.16 _z 700 #1 _aAzarenko _gLyudmila Grigorievna 700 #1 _aVeselovsky _gMikhail Yakovlevich 700 #1 _aMusaev _gRasul A. 856 4# _ariorpub.com _u